000 00862nam2a2200205 4500
001 RU\NLR\PER_A\002903692_001100
005 20250626124331.0
035 _a(NLR Aleph) 011762307
090 _a11683253
_c11683253
100 _a20180801d2018 |||y0rusy50 ca
101 0 _arus
102 _aRU
200 0 _a2018, № 2 (38)
210 _d2018
_aБ. м.
461 0 _1001RU\NLR\Per\654430
_12001#$aЖурнал Новой экономической ассоциации$v2018, № 2 (38)
_93475070
_aНовая экономическая ассоциация (Москва)
_cМосква
_d2009 -
_nЖурнал Новой экономической ассоциации
_tЖурнал Новой экономической ассоциации
_x2221-2264
_v2018, № 2 (38)
852 _aNLR
_jП23/7758
942 _cISSUE
980 _aNB
980 _aRUSPER